000 00664nam a22002177a 4500
003 UA-OsUOA
001 34423
007 ta
008 20051003b un ||||| |||| 00| 0 ukr d
090 _a908(477.81):929
_bБ-32
942 _cBK
040 _aUA-OsUOA
_bukr
_cUA-OsUOA
_dUA-OsUOA
245 _aБорці за народну свободу
_b(Інформаційно-методичний матеріал на допомогу ідеологічному активу)
300 _a100 с.
955 _a2
041 _aukr
080 _a908(477.81):929
260 _aРівнве
_c1989
650 7 _a908 Краєзнавство
_2UDC
999 _c320856
_d320856